<?xml version="1.0" encoding="UTF-8"?>
<collection xmlns="http://www.loc.gov/MARC21/slim">
 <record>
  <leader>00526nam a2200157 i 4500</leader>
  <controlfield tag="001">1/34916</controlfield>
  <controlfield tag="008">970626s1998    enka     b    00110 eng  </controlfield>
  <datafield tag="035" ind1=" " ind2=" ">
   <subfield code="l">37418</subfield>
  </datafield>
  <datafield tag="040" ind1=" " ind2=" ">
   <subfield code="a">DLC</subfield>
   <subfield code="b">GR-PeUP</subfield>
  </datafield>
  <datafield tag="082" ind1="0" ind2="0">
   <subfield code="a">005.1 TOP</subfield>
  </datafield>
  <datafield tag="245" ind1="0" ind2="0">
   <subfield code="a">TOPS for windows :</subfield>
   <subfield code="b">version 3.5X users guide.</subfield>
  </datafield>
  <datafield tag="260" ind1="0" ind2=" ">
   <subfield code="a">Texas :</subfield>
   <subfield code="b">TOPS Engineering Corporation,</subfield>
   <subfield code="c">c1998.</subfield>
  </datafield>
  <datafield tag="300" ind1=" " ind2=" ">
   <subfield code="a">τ. :</subfield>
   <subfield code="b">εικ. ;</subfield>
   <subfield code="c">27 cm.</subfield>
  </datafield>
  <datafield tag="500" ind1=" " ind2=" ">
   <subfield code="a">Περιέχει ευρετήριο.</subfield>
  </datafield>
  <datafield tag="650" ind1=" " ind2="4">
   <subfield code="a">Software engineering.</subfield>
  </datafield>
  <datafield tag="852" ind1=" " ind2=" ">
   <subfield code="a">INST</subfield>
   <subfield code="b">UNIPILB</subfield>
   <subfield code="c">MAIN</subfield>
   <subfield code="e">20080617</subfield>
   <subfield code="h">005.1 TOP</subfield>
   <subfield code="p">00155690</subfield>
   <subfield code="q">00155690</subfield>
   <subfield code="t">LOAN</subfield>
   <subfield code="y">0</subfield>
   <subfield code="4">1</subfield>
  </datafield>
 </record>
</collection>
